| 000 | 00578nam a2200181Ia 4500 | ||
|---|---|---|---|
| 008 | 220216s9999 xx 000 0 und d | ||
| 100 | _aPathiratna L S S | ||
| 245 | 0 | _aWider inter row spacings for planting rubber (Hevea): A concept for conservation, sustainability and profitability | |
| 260 |
_bBulletin of the Rubber Research Institute of Sri Lanka _c2007 |
||
| 300 | _a15-Aug | ||
| 650 | _aConservation | ||
| 650 | _aInter row spacing | ||
| 650 | _aRubber planting | ||
| 650 | _aSustainability | ||
| 700 | _aBalasooriya C K | ||
| 700 | _aPerera M K P | ||
| 942 | _cJS | ||
| 999 |
_c72427 _d72427 |
||